000 01016nam a2200253 a 4500
001 2017734
003 AM-YEHGA
005 20250714160214.0
008 250508s1876 tu ||||r|||||00||1|arm|d
040 _aAM-YEHGA
041 0 _aarm
100 0 _aՖէօյէ Օկտավ
245 1 0 _aՊ. տը Գամօր /
_cՀեղինակ՝ Օգթավ Ֆէօյեէ ; Թարգմանեաց Գր. Չիլինկիրեան ; Տէր եւ հրատարակիչ Տ. Յ. Տէտէեան.
260 _aԶմիւռնիա :
_bՏպագրութիւն Տէտէեան,
_c1876.
300 _aհատոր
500 _aՇարվածքը` 15x10 սմ։
505 1 0 _gՀ․ 1 (1876, 164 էջ)
_gՀ․ 2 (1876, 156 էջ)
650 1 4 _aՖրանսիական գրականություն
_94810
651 0 4 _aԻզմիր
_95978
651 0 4 _aԹուրքիա
700 1 _aՏէտէեան, Տիգրան Յարութիւն,
_d1832-1868
_eհրատ.
_4pbl
_93983
700 1 _aՉիլինկիրեան, Գրիգոր,
_d1839-1923
_eթարգմ.
_4trl
942 _2udc
_cBK
999 _c534777
_d534777